Promoting Fair Elections In South Asia (Record no. 4297)
[ view plain ]
| 000 -LEADER | |
|---|---|
| fixed length control field | 00686nam a22002057a 4500 |
| 003 - CONTROL NUMBER IDENTIFIER | |
| control field | LK-CoMWRAF |
| 008 - FIXED-LENGTH DATA ELEMENTS--GENERAL INFORMATION | |
| fixed length control field | 231207b2012 |||||||| |||| 00| 0 eng d |
| 020 ## - INTERNATIONAL STANDARD BOOK NUMBER | |
| International Standard Book Number | 9786169140801 |
| 040 ## - CATALOGING SOURCE | |
| Original cataloging agency | LK-CoMWRAF |
| Modifying agency | LK-CoMWRAF |
| Description conventions | LK-CoMWRAF |
| 041 ## - LANGUAGE CODE | |
| Language code of text/sound track or separate title | English |
| 082 ## - DEWEY DECIMAL CLASSIFICATION NUMBER | |
| Classification number | 324.6 |
| Item number | BES |
| 942 ## - ADDED ENTRY ELEMENTS (KOHA) | |
| Koha item type | Conference Proceeding |
| 111 ## - MAIN ENTRY--MEETING NAME | |
| Meeting name or jurisdiction name as entry element | CNFERENCE ON BEST PRACTICES FOR FAIR ELECTIONS |
| Location of meeting | ( Dhaka |
| Date of meeting | 21-22 May, 2012) |
| 700 ## - ADDED ENTRY--PERSONAL NAME | |
| Personal name | Tweedie, Pauline |
| relator term | editor |
| 245 ## - TITLE STATEMENT | |
| Title | Promoting Fair Elections In South Asia |
| 260 ## - PUBLICATION, DISTRIBUTION, ETC. (IMPRINT) | |
| Place of publication, distribution, etc. | San Francisco: |
| Name of publisher, distributor, etc. | The Asia Foundation, |
| Date of publication, distribution, etc. | 2012 |
| 300 ## - PHYSICAL DESCRIPTION | |
| Extent | 177 p. : color ill., charts, photographs ; 21 cm |
| 650 ## - SUBJECT ADDED ENTRY--TOPICAL TERM | |
| Topical term or geographic name as entry element | South Asia- Politics and government |
| 650 ## - SUBJECT ADDED ENTRY--TOPICAL TERM | |
| Topical term or geographic name as entry element | South Asia- Suffrage-Elections |
| Withdrawn status | Lost status | Damaged status | Not for loan | Permanent Location | Current Location | Date acquired | Full call number | Barcode | Koha item type |
|---|---|---|---|---|---|---|---|---|---|
| Resource center, Muslim Women's Research And Action Forum | Resource center, Muslim Women's Research And Action Forum | 2023-12-07 | 324.6 BES | RAF3318 | Conference Proceeding |

